<?xml version="1.0" encoding="UTF-8"?><?xml-stylesheet type="text/xsl" href="static/style.xsl"?><OAI-PMH xmlns="http://www.openarchives.org/OAI/2.0/" xmlns:xsi="http://www.w3.org/2001/XMLSchema-instance" xsi:schemaLocation="http://www.openarchives.org/OAI/2.0/ http://www.openarchives.org/OAI/2.0/OAI-PMH.xsd"><responseDate>2026-04-18T07:59:10Z</responseDate><request verb="GetRecord" identifier="oai:www.recercat.cat:10256/22987" metadataPrefix="marc">https://recercat.cat/oai/request</request><GetRecord><record><header><identifier>oai:recercat.cat:10256/22987</identifier><datestamp>2024-06-18T12:33:28Z</datestamp><setSpec>com_2072_452955</setSpec><setSpec>com_2072_2054</setSpec><setSpec>col_2072_453072</setSpec></header><metadata><record xmlns="http://www.loc.gov/MARC21/slim" xmlns:dcterms="http://purl.org/dc/terms/" xmlns:xsi="http://www.w3.org/2001/XMLSchema-instance" xmlns:doc="http://www.lyncode.com/xoai" xsi:schemaLocation="http://www.loc.gov/MARC21/slim http://www.loc.gov/standards/marcxml/schema/MARC21slim.xsd">
   <leader>00925njm 22002777a 4500</leader>
   <datafield ind2=" " ind1=" " tag="042">
      <subfield code="a">dc</subfield>
   </datafield>
   <datafield ind2=" " ind1=" " tag="720">
      <subfield code="a">González Carrasco, Mònica</subfield>
      <subfield code="e">author</subfield>
   </datafield>
   <datafield ind2=" " ind1=" " tag="720">
      <subfield code="a">Bedin, Lívia</subfield>
      <subfield code="e">author</subfield>
   </datafield>
   <datafield ind2=" " ind1=" " tag="720">
      <subfield code="a">Casas Aznar, Ferran</subfield>
      <subfield code="e">author</subfield>
   </datafield>
   <datafield ind2=" " ind1=" " tag="720">
      <subfield code="a">Alfaro Inzunza, Jaime</subfield>
      <subfield code="e">author</subfield>
   </datafield>
   <datafield ind2=" " ind1=" " tag="720">
      <subfield code="a">Castellá Sarriera, Jorge</subfield>
      <subfield code="e">author</subfield>
   </datafield>
   <datafield ind2=" " ind1=" " tag="260">
      <subfield code="c">2023-02-27</subfield>
   </datafield>
   <datafield ind2=" " ind1=" " tag="520">
      <subfield code="a">Satisfaction with safety and satisfaction with how adults listen to children and how they take what they say into account are the most important satisfaction domains that contribute to children’s subjective well-being (SWB). However, there is still more to know about what contributes to both domains. Little is understood about their mediating effects on the safety perceptions of being cared for and supported in terms of children’s SWB. Age and country are also relevant variables in this equation that suffers from a lack of information. Therefore, this article attempts to shed light on these questions by using the third wave of the Children’s Worlds data set that covers Spain, Brazil, and Chile and focuses on the 10- and 12-year-old age group. Results show that perceived contexts (home, school, and neighborhood) in each country are very important for assessing satisfaction with personal safety, while having parents who listen and take children’s opinions into account is very important for SWB in all contexts. The importance of the effects of feeling safe on SWB increases from late childhood to early adolescence, with its indirect effects being much more important than direct effects. Most children do not perceive to be listened to by teachers or do not perceive that what they say is taken into account by their teachers, which does not turn out to be very relevant for SWB in any of the three countries. Despite existing relationships between all of the variables analyzed, there are differences depending on the country and age group, with a common relationship observed between some of them</subfield>
   </datafield>
   <datafield ind2=" " ind1=" " tag="520">
      <subfield code="a">Open Access funding provided thanks to the CRUE-CSIC agreement with Springer Nature</subfield>
   </datafield>
   <datafield ind1="8" ind2=" " tag="024">
      <subfield code="a">http://hdl.handle.net/10256/22987</subfield>
   </datafield>
   <datafield tag="653" ind2=" " ind1=" ">
      <subfield code="a">Benestar</subfield>
   </datafield>
   <datafield tag="653" ind2=" " ind1=" ">
      <subfield code="a">Well-being</subfield>
   </datafield>
   <datafield tag="653" ind2=" " ind1=" ">
      <subfield code="a">Infants</subfield>
   </datafield>
   <datafield tag="653" ind2=" " ind1=" ">
      <subfield code="a">Children</subfield>
   </datafield>
   <datafield ind2="0" ind1="0" tag="245">
      <subfield code="a">Safety, Perceptions of Good Treatment and Subjective Well-Being in 10- and 12-year-old Children in Three Countries</subfield>
   </datafield>
</record></metadata></record></GetRecord></OAI-PMH>